00588 2200217 4500001002100000005001700021008004100038035002400079040001700103082001000120090001700130100001800147245005600165250001200221260003300233300002500266500003100291650002100322850001200343990001500355YOGYA-0209000004278020090227025911.0 ind  0010-020900000042780 aYOPDYOG (29) a651.3 a651.3bThe A aTHE LIANG GIE aAdministrasi perkantoran moderncoleh The Liang Gie aCet. 14 aYogyakartabNur Cahayac1980 a311 hlmbilusc24 cm aBibliografi : hlm. 305-306 aManajemen kantor aYOPDYOG a07A0025663